A 2003 Social accounting matrix for Kenya : (Record no. 981)

MARC details
000 -LEADER
fixed length control field 00786nam a22002292 4500
001 - CONTROL NUMBER
control field 0000018667
005 - DATE AND TIME OF LATEST TRANSACTION
control field 20151021151128.0
008 - FIXED-LENGTH DATA ELEMENTS--GENERAL INFORMATION
fixed length control field 100317s xx 000 0 eng d
020 ## - INTERNATIONAL STANDARD BOOK NUMBER
International Standard Book Number 9966777229 :
040 ## - CATALOGING SOURCE
Original cataloging agency KABU
Transcribing agency KABU
245 12 - TITLE STATEMENT
Title A 2003 Social accounting matrix for Kenya :
Remainder of title methodological note /
Statement of responsibility, etc. Jane Kiringai.
250 ## - EDITION STATEMENT
Edition statement 1st ed.
260 ## - PUBLICATION, DISTRIBUTION, ETC. (IMPRINT)
Place of publication, distribution, etc. Nairobi :
Name of publisher, distributor, etc. KIPPRA,
Date of publication, distribution, etc. 2007.
300 ## - PHYSICAL DESCRIPTION
Extent vi, 28 p.
650 #0 - SUBJECT ADDED ENTRY--TOPICAL TERM
Topical term or geographic name as entry element National income
General subdivision Accounting
-- Econometric models
Geographic subdivision Kenya.
-- 0000177984
650 #0 - SUBJECT ADDED ENTRY--TOPICAL TERM
Topical term or geographic name as entry element National income
General subdivision Accounting
Geographic subdivision Kenya.
-- 0000158555
700 1# - ADDED ENTRY--PERSONAL NAME
Personal name Kiringai, Jane.
-- 0000160710
908 ## - PUT COMMAND PARAMETER (RLIN)
Put command parameter 100317
950 ## - LOCAL HOLDINGS (RLIN)
-- 1
Holdings
Withdrawn status Lost status Source of classification or shelving scheme Not for loan Home library Current library Date acquired Total Checkouts Full call number Barcode Date last seen Price effective from Koha item type
    Library of Congress Classification   Kabarak, Main Campus Kabarak, Main Campus 17/12/2015   HC865 .Z9I5 no. 72 c. 2 18866 02/08/2024 17/12/2015 General Collection
    Library of Congress Classification   Kabarak, Main Campus Kabarak, Main Campus 17/12/2015   HC865 .Z9I5 no. 72 c. 3 18867 02/08/2024 17/12/2015 General Collection
    Library of Congress Classification   Kabarak, Main Campus Kabarak, Main Campus 17/12/2015   HC865 .Z9I5 no. 72 c. 1 18865 17/12/2015 17/12/2015 Africana Collection
    Library of Congress Classification   Kabarak, Nakuru City Campus Kabarak, Nakuru City Campus 21/10/2015   HC865 .Z9I5 no. 72 c. 1 18782 21/10/2015 21/10/2015 General Collection
    Library of Congress Classification   Kabarak, Nakuru City Campus Kabarak, Nakuru City Campus 21/10/2015   HC865 .Z9I5 no. 72 c. 2 18783 21/10/2015 21/10/2015 General Collection
Designed with assistance from East African Informatics Ltd